ბათუმის შოთა რუსთაველის სახელმწიფო უნივერსიტეტის ბიბლიოთეკა

რჩეული პროზა ტ.2 (ბიბ.ჩანაწერი № 42317)

000 -LEADER
fixed length control field 00602nam a2200217Ia 4500
001 - CONTROL NUMBER
control field 9012
003 - CONTROL NUMBER IDENTIFIER
control field GE_BSU
008 - FIXED-LENGTH DATA ELEMENTS--GENERAL INFORMATION
fixed length control field 181216s||||||||xx |||||||||||||| ||und||
040 ## - CATALOGING SOURCE
Transcribing agency GE_BSU
080 ## - UNIVERSAL DECIMAL CLASSIFICATION NUMBER
Universal Decimal Classification number 821.353.1–32
100 ## - MAIN ENTRY--PERSONAL NAME
Personal name კლდიაშვილი,სერგო
245 ## - TITLE STATEMENT
Title რჩეული პროზა ტ.2
245 ## - TITLE STATEMENT
Remainder of title ტ.2
245 ## - TITLE STATEMENT
Statement of responsibility, etc. რედ.რ.გვეტაძე
260 ## - PUBLICATION, DISTRIBUTION, ETC.
Place of publication, distribution, etc. თბილისი
260 ## - PUBLICATION, DISTRIBUTION, ETC.
Name of publisher, distributor, etc. ფედერაცია
260 ## - PUBLICATION, DISTRIBUTION, ETC.
Date of publication, distribution, etc. 1939
300 ## - PHYSICAL DESCRIPTION
Extent 338გვ;22 სმ.
653 ## - INDEX TERM--UNCONTROLLED
Uncontrolled term რჩეული პროზა
942 ## - ADDED ENTRY ELEMENTS (KOHA)
Koha item type წიგნი
ეგზემპლარები
Withdrawn status Lost status Damaged status Not for loan Date acquired Barcode Date last seen Price effective from Koha item type
        2018-12-17 31606 2018-12-17 2018-12-17 წიგნი
        2018-12-17 31607 2018-12-17 2018-12-17 წიგნი
        2018-12-17 31608 2018-12-17 2018-12-17 წიგნი
        2018-12-17 31609 2018-12-17 2018-12-17 წიგნი
        2018-12-17 31634 2018-12-17 2018-12-17 წიგნი
        2018-12-17 31635 2018-12-17 2018-12-17 წიგნი
        2018-12-17 31636 2018-12-17 2018-12-17 წიგნი
        2018-12-17 31637 2018-12-17 2018-12-17 წიგნი
        2018-12-17 32200 2018-12-17 2018-12-17 წიგნი
        2018-12-17 32201 2018-12-17 2018-12-17 წიგნი